|
|
|
|
| LEADER |
00000nam0a2200000 4500 |
| 001 |
110208 |
| 005 |
20231031120404.0 |
| 010 |
|
|
|a 5811404425
|
| 035 |
|
|
|a (RuTPU)RU\TPU\book\119016
|
| 090 |
|
|
|a 110208
|
| 100 |
|
|
|a 20070220d2006 m y0rusy50 ca
|
| 101 |
0 |
|
|a rus
|
| 102 |
|
|
|a RU
|
| 105 |
|
|
|a a j 001zy
|
| 200 |
1 |
|
|a Элементарный курс теории вероятностей и математической статистики
|e учебное пособие для вузов
|f А. Н. Бородин
|
| 205 |
|
|
|a 6-е изд., стер.
|
| 210 |
|
|
|a СПб.
|c Лань
|d 2006
|
| 215 |
|
|
|a 254 с.
|c ил.
|
| 320 |
|
|
|a Библиогр.: с. 251.
|
| 320 |
|
|
|a Предм. указ.: с. 252-254.
|
| 330 |
|
|
|a Учебник содержит систематическое изложение основных разделов элементарного курса теории вероятностей и математической статистики. К традиционным разделам добавлен один новый — «Процедура рекуррентного оценивания», ввиду особой важности этой процедуры для приложений. Теоретический материал сопровождается большим количеством примеров и задач из разных областей знаний.
|
| 451 |
|
1 |
|0 (RuTPU)RU\TPU\book\97690
|y 5-8114-0442-5
|t Элементарный курс теории вероятностей и математической статистики
|o учебное пособие для вузов
|f А. Н. Бородин
|e 3-е изд., испр. и доп.
|c СПб.
|n Лань
|d 2004
|p 254 с.
|a Бородин, Андрей Николаевич
|
| 610 |
1 |
|
|a теория вероятностей
|
| 610 |
1 |
|
|a математическая статистика
|
| 610 |
1 |
|
|a рекуррентное оценивание
|
| 610 |
1 |
|
|a учебные пособия
|
| 675 |
|
|
|a 519.2(075.8)
|v 3
|
| 700 |
|
1 |
|a Бородин
|b А. Н.
|g Андрей Николаевич
|
| 801 |
|
1 |
|a RU
|b 63413507
|c 20020802
|g PSBO
|
| 801 |
|
2 |
|a RU
|b 63413507
|c 20120409
|g PSBO
|
| 900 |
|
|
|a Теория вероятности и математическая статистика
|
| 942 |
|
|
|c BK
|
| 952 |
|
|
|a 522200
|b 020000
|